2907-伊丹市(兵庫県)の駅 - Statistics

General Stats
  • This quiz has been taken 63 times
  • The average score is 4 of 5
Answer Stats
Answer % Correct
伊丹
100%
伊丹
100%
新伊丹
85%
北伊丹
81%
稲野
73%
No matching quizzes found
Score Distribution
Percent of People with Each Score
Percentile by Number Answered
Your Score History
You have not taken this quiz